| 000 | 01831nam0a2200397 i 4500 | ||
|---|---|---|---|
| 001 | RU\NLR\BIBL_A\011287985 | ||
| 005 | 20240921190239.0 | ||
| 010 |
_a9785906859761 _92500 |
||
| 021 |
_aRU _b2016-87312 _95733 |
||
| 035 | _a(NLR Aleph) 011287985 | ||
| 090 |
_a10903645 _c10903645 |
||
| 100 | _a20161205d2017 u y0rusy50 ca | ||
| 101 | 1 |
_arus _cper |
|
| 102 | _aRU | ||
| 105 | _aac z 000zy | ||
| 200 | 1 |
_aЕсли бы снеговики не таяли... _fСейед Али Шоджаи _g[пер. с перс. Дж. Мирзоева _gил.: Элахе Тахериан] |
|
| 210 |
_aМосква _cСАДРА _d2017 _d[т. е. 2016] |
||
| 215 |
_a28, [4] с. _cцв. ил., портр. _d27 |
||
| 225 | 1 | _aПерсидские сказки | |
| 225 | 1 | _aСерия сказок "Нейестан" | |
| 300 | _aВ конце кн. авт.: Сейед Али Шоджаи, лауреат Акад. премии (Германия) | ||
| 300 | _aНа обл. авт. не указан | ||
| 300 | _aКн. фактически изд. в 2016 г. | ||
| 311 | _aЯвляется первой частью трилогии "Философия для детей" | ||
| 320 | _aДр. рассказ авт. в конце кн. | ||
| 333 | _a12+ | ||
| 488 | 0 |
_12001#$aФилософия для детей _tФилософия для детей |
|
| 686 | 0 | _aШ9(5Ирн)60-4 | |
| 700 | 1 |
_7ca _8rus _aШоджаи _bС. А. _f1983- _gСейед Али _9190318 _3RU\NLR\AUTH\770190369 |
|
| 702 | 1 |
_4730 _aМирзоев _bД. Ш. _gДжовид Ш. _9137779 _3RU\NLR\AUTH\770137814 |
|
| 702 | 1 |
_4440 _7ca _8rus _aТахериан _bЭ. _gЭлахе _9167840 _3RU\NLR\AUTH\770167888 |
|
| 942 | _cBOOK | ||
| 980 | _aNBR | ||